000 00834nmm a2200277 a 4500
001 ocm0001162333
003 TR-IsHL
005 20201028154150.0
008 150709s2013 tu tur
007 cr cn
020 _a9786054539413
035 _a1162333
_b(N$T)
050 0 4 _aPL248.D87
_bO43 2013
090 0 4 _aPL248.D87
_bO43 2013
100 1 _aDuran, Erol
245 1 0 _aOlacak
_h[electronic resource] /
_cErol Duran
250 _a1. bs.
260 _aİstanbul :
_bYalın Yayıncılık,
_c2013
300 _a353 p.
650 4 _aDil ve Edebiyat
650 4 _aLanguage and Literature
650 0 _aTürk romanı
650 0 _aTurkish fiction
650 7 _aLITERARY COLLECTIONS / Middle Eastern
_2bisacsh
856 4 0 _uhttp://search.ebscohost.com/login.aspx?direct=true&scope=site&db=e011xww&AN=1162333
999 _c12431
_d12431